000 00674nam a2200277Ia 4500
005 20260320195922.0
008 008 262003s9999 xx 000 0 hin d
020 _a9788197989629
037 _aEBOOK
040 _aCRL
040 _bhin
040 _cCRL
041 _2hin
041 _ahin
084 _qCRL
100 _aविभूति नारायण राय
_91133284
245 0 _aशहर में कर्फ़्यू
250 _a1st
260 _bRajkamal
260 _c2024
300 _a120
856 _uhttps://ebook.indiaread.in/pdfs/9788197989629.pdf
942 _cEBOOK
999 _c1717187
_d1717187